Básnické prvotiny (Record no. 21335)
[ view plain ]
| 000 -LEADER | |
|---|---|
| fixed length control field | 02194cam a2200565 a 4500 |
| 001 - CONTROL NUMBER | |
| control field | 21335 |
| 003 - CONTROL NUMBER IDENTIFIER | |
| control field | VRT |
| 005 - DATE AND TIME OF LATEST TRANSACTION | |
| control field | 20260227134118.0 |
| 008 - FIXED-LENGTH DATA ELEMENTS--GENERAL INFORMATION | |
| fixed length control field | 240226s1955 xo h g 010 p slo |
| 015 ## - NATIONAL BIBLIOGRAPHY NUMBER | |
| National bibliography number | SNBA1955 |
| 020 ## - INTERNATIONAL STANDARD BOOK NUMBER | |
| Qualifying information | (viazané) |
| 035 ## - SYSTEM CONTROL NUMBER | |
| System control number | SNK000269357 |
| 035 ## - SYSTEM CONTROL NUMBER | |
| System control number | urn:nbn:sk:snk-am3i7fi |
| 035 ## - SYSTEM CONTROL NUMBER | |
| System control number | 8512ECA7-C19D-47B6-ACF1-8BEC25065AB8 |
| 035 ## - SYSTEM CONTROL NUMBER | |
| System control number | urn:nbn:sk:snk-am00ds61 |
| 039 #9 - LEVEL OF BIBLIOGRAPHIC CONTROL AND CODING DETAIL [OBSOLETE] | |
| Level of rules in bibliographic description | 202601181254 |
| Level of effort used to assign nonsubject heading access points | csnk01 |
| Level of effort used to assign subject headings | 202402261950 |
| Level of effort used to assign classification | VLOAD |
| Level of effort used to assign subject headings | 202304031945 |
| Level of effort used to assign classification | VLOAD |
| Level of effort used to assign subject headings | 202212050946 |
| Level of effort used to assign classification | VLOAD |
| 040 ## - CATALOGING SOURCE | |
| Original cataloging agency | SNK |
| Language of cataloging | slo |
| Transcribing agency | SNK |
| Description conventions | AACR2 |
| 041 0# - LANGUAGE CODE | |
| Language code of text/sound track or separate title | slo |
| 044 ## - COUNTRY OF PUBLISHING/PRODUCING ENTITY CODE | |
| MARC country code | xo |
| ISO country code | SK |
| 072 #7 - SUBJECT CATEGORY CODE | |
| Subject category code | 821.162.4-1 |
| Subject category code subdivision | Slovenská poézia |
| Source | konspekt |
| 080 ## - UNIVERSAL DECIMAL CLASSIFICATION NUMBER | |
| Universal Decimal Classification number | 821.162.4-1 |
| Edition identifier | 2011 |
| 080 ## - UNIVERSAL DECIMAL CLASSIFICATION NUMBER | |
| Universal Decimal Classification number | 82‑14 |
| Edition identifier | 2011 |
| 080 ## - UNIVERSAL DECIMAL CLASSIFICATION NUMBER | |
| Universal Decimal Classification number | 82-1/-9 |
| Edition identifier | 2011 |
| 100 1# - MAIN ENTRY--PERSONAL NAME | |
| Personal name | Hviezdoslav, Pavol Országh, |
| Dates associated with a name | 1849-1921 |
| Relationship | aut |
| 245 10 - TITLE STATEMENT | |
| Title | Básnické prvotiny |
| Number of part/section of a work | I. |
| Remainder of title | 1868-1869 |
| Statement of responsibility, etc. | Pavol Országh-Hviezdoslav ; [zredigoval, poznámky a vysvetlivky napísal Stanislav Šmatlák] |
| 250 ## - EDITION STATEMENT | |
| Edition statement | 1. vyd. |
| 260 ## - PUBLICATION, DISTRIBUTION, ETC. | |
| Place of publication, distribution, etc. | Bratislava |
| Name of publisher, distributor, etc. | Slovenské vydavateľstvo krásnej literatúry |
| Date of publication, distribution, etc. | 1955 |
| 300 ## - PHYSICAL DESCRIPTION | |
| Extent | 542 strán |
| Other physical details | faksimile |
| Dimensions | 21 cm |
| 366 ## - TRADE AVAILABILITY INFORMATION | |
| Note | 3300 kusov |
| 490 1# - SERIES STATEMENT | |
| Series statement | Naši klasici |
| Volume/sequential designation | zv. 16 |
| 500 ## - GENERAL NOTE | |
| General note | Frontispice |
| 500 ## - GENERAL NOTE | |
| General note | Obsahuje poznámky na strane 495-539 ; vysvetlivky na strane 539-542 ; skratky na strane 542 |
| 648 #7 - SUBJECT ADDED ENTRY--CHRONOLOGICAL TERM | |
| Chronological term | 19. storočie |
| Source of heading or term | SNKPH |
| 655 #7 - INDEX TERM--GENRE/FORM | |
| Genre/form data or focus term | slovenská poézia |
| Source of term | SNKPH |
| 655 #7 - INDEX TERM--GENRE/FORM | |
| Genre/form data or focus term | lyrická poézia |
| Source of term | SNKPH |
| 700 1# - ADDED ENTRY--PERSONAL NAME | |
| Personal name | Šmatlák, Stanislav, |
| Dates associated with a name | 1925-2008 |
| Relationship | edt |
| -- | aui |
| 830 #0 - SERIES ADDED ENTRY--UNIFORM TITLE | |
| Uniform title | Naši klasici |
| 910 ## - USER-OPTION DATA (OCLC) | |
| User-option data | snk |
| 942 ## - ADDED ENTRY ELEMENTS (KOHA) | |
| Source of classification or shelving scheme | Dewey Decimal Classification |
| Koha item type | Krásna literatúra pre dospelých |
| Suppress in OPAC | No |
| 949 ## - LOCAL PROCESSING INFORMATION (OCLC) | |
| 6 | 3869A05398 |
| a | bpksh821.162.4-1 |
| b | bpksh22904 |
| 949 ## - LOCAL PROCESSING INFORMATION (OCLC) | |
| 6 | 2889370689 |
| a | savukB 43337 |
| o | PV 3784/55 |
| 949 ## - LOCAL PROCESSING INFORMATION (OCLC) | |
| 6 | 3830001009737 |
| a | kurukT18/HVIE1-4 |
| 949 ## - LOCAL PROCESSING INFORMATION (OCLC) | |
| 6 | 3830001022641 |
| a | kurukT18/HVIE1-25 |
| b | kuruk2009/F2502 |
| 949 ## - LOCAL PROCESSING INFORMATION (OCLC) | |
| 6 | 17A0117990 |
| 9 | P60, <05>, [BOOK], {605} |
| a | snkSC 6705/1 D1 |
| 949 ## - LOCAL PROCESSING INFORMATION (OCLC) | |
| 6 | 17A0119978 |
| 9 | P60, <05>, [BOOK], {605} |
| a | snkSC 6705/1 |
| b | snk1367/55 |
| o | I.9584/55 - ev. č. |
| p | Obsahuje vlastnoručne napísanú báseň autora. |
| s | 6100:20190529 |
| 949 ## - LOCAL PROCESSING INFORMATION (OCLC) | |
| 6 | 273K0401920 |
| a | svkpoA 15469/Ia |
| b | svkpo52430 |
| 949 ## - LOCAL PROCESSING INFORMATION (OCLC) | |
| 6 | 273K0401917 |
| a | svkpoA 15469/I |
| b | svkpo35952 |
| 949 ## - LOCAL PROCESSING INFORMATION (OCLC) | |
| 6 | 2889022075 |
| a | savukM 8373 |
| Stav vyradenia | Strata | Poškodenie | Spôsob nadobudnutia | Domovská knižnica | Aktuálna knižnica | Dátum nadobudnutia | Total checkouts | Čiarový kód exemplára | Date last seen | Typ exemplára |
|---|---|---|---|---|---|---|---|---|---|---|
| Dar | Obecná knižnica Horná Štubňa | Obecná knižnica Horná Štubňa | 27.02.2026 | 4736201509 | 27.02.2026 | Krásna literatúra pre dospelých |
